000 00891cam a22002174a 4500
005 20250605164151.0
008 250528s ||||||||||||||||||||||||d
035 _a19397
020 _a9602862653
040 _aGR-AtMCL
_bgre
_dGR-AtMCL
_eAACR2
245 1 _aΑΕΡΟΠΟΡΙΚΗ ΒΙΟΜΗΧΑΝΙΑ ΜΕΤΑΦΟΡΩΝ
250 _a3
260 _bΈλλην,
_c1997
300 _a504
505 0 _aΑΕΡΟΠΟΡΙΑ: ΜΙΑ ΓΕΝΙΚΗ ΘΕΩΡΗΣΗ Η ΙΣΤΟΡΙΚΗ ΑΠΟΨΗ ΑΕΡΟΠΟΡΙΚΕΣ ΜΕΤΑΦΟΡΕΣ Ο ΚΛΑΔΟΣ ΤΗΣ ΓΕΝΙΚΗΣ ΑΕΡΟΠΟΡΙΑΣ
520 _aΑΕΡΟΠΟΡΙΑ: ΜΙΑ ΓΕΝΙΚΗ ΘΕΩΡΗΣΗ Η ΙΣΤΟΡΙΚΗ ΑΠΟΨΗ ΑΕΡΟΠΟΡΙΚΕΣ ΜΕΤΑΦΟΡΕΣ Ο ΚΛΑΔΟΣ ΤΗΣ ΓΕΝΙΚΗΣ ΑΕΡΟΠΟΡΙΑΣ
700 1 _aWells Alexander T
_95646
942 _cBK
999 _c4653
_d4653